| 000 | 00544nam a22002057a 4500 | ||
|---|---|---|---|
| 003 | IIN | ||
| 005 | 20250507124409.0 | ||
| 008 | 250507s2022 |||ad||| |||| 001 0 eng d | ||
| 020 |
_a9788194727644 _cRs.495.00 |
||
| 040 | _aIIN | ||
| 082 |
_a610.73 _bKAU |
||
| 100 | _aKaur, Varinder | ||
| 245 |
_aTextbook of Applied Sociology _bfor BSc. Nursing Students (SEM-I)/ _cVarinder Kaur |
||
| 260 |
_aPunjab _bVHS _c2022 |
||
| 300 |
_a248 p. _bill. |
||
| 500 | _aIncludes Index | ||
| 650 | _aSociology | ||
| 650 |
_aSociology _vNursing |
||
| 942 | _cBOOK | ||
| 999 |
_c1811 _d1811 |
||